Statistics for Eurostar Network Map

Click here to take the quiz!

General Stats

  • This quiz has been taken 55 times
  • The average score is 11 of 17

Answers on the Map

Answers color-coded by a green-red scale on the quiz's map according to % correct below.
 

Answer Stats

Answer% Correct
Brussels
100%
Paris
100%
Amsterdam
98%
London
98%
Lyon
91%
Marseille
89%
Calais
82%
Lille
80%
Antwerp
77%
Rotterdam
68%
Avignon
61%
Ashford
50%
Ebbsfleet
39%
Marne-la-Vallée
36%
Bourg-St-Maurice
23%
Moûtiers
18%
Aime-la-Plagne
16%

Score Distribution

Percentile by Number Answered

Percent of People with Each Score

Your Score History

You have not taken this quiz